000 00257nam a22001097a 4500
082 _a574.192 CLA'E
100 _aCLARK, JOHN M
_976995
245 _aEXPERIMENTAL BIOCHEMISTRY
260 _aSAN FRANCISCO
_bW. H. FREEMAN
_c1964
300 _a228P
942 _cBK
999 _c582311
_d582311